000 00509nmm a2200193Ia 4500
008 251105s9999||||xx |||||||||||||||||und||
020 _a9788484286677
041 _aspa
100 _aTrynka, Paul
245 0 _aDavid Bowie. Starman
264 _a[Madrid, España] :
_bAlba Editorial,
_c2011
300 _a541 páginas
490 _aTrayectos
650 _aBiography
700 _aTrynka, Paul
700 1 _a Pildaín, Maria
856 _uhttps://public.digitaliapublishing.com/a/38367
942 _cCF
999 _c72077
_d72077